• 首页
  • 本馆介绍
  • 公告通知
  • 最新文献
  • 馆藏检索
  • 电子资源
  • 读者导购
  • 参考咨询
  • 我的图书馆
  • 登录
  • 详细信息显示
  • 放入我的书架
  • 预约/预借图书
  • 作者相关作品
  • 分类相关作品
  • 丛书相关作品
  • 出版社相关作品

书目信息

  • 表格格式
  • 工作单格式
  • 卡片格式
题名:
职业发展与就业指导
    
 
作者: 罗冬梅 主编
分册:  
出版信息: 长沙   中南大学出版社  2014.07
页数: 155页
开本: 23cm
丛书名:
单 册:
中图分类: G717.38
科图分类:
主题词: 大学生--职业选择--教材 , 大学生 , 职业选择
电子资源:
ISBN: 978-7-5487-1130-8
000 00821nam0 2200265 450
001 0120141379446
005 20160614151415.57
010    @a978-7-5487-1130-8@dCNY25.00
100    @a20140915d2014 em y0chiy0110 ea
101 0  @achi
102    @aCN@b430000
105    @ak z 000yy
106    @ar
200 1  @a职业发展与就业指导@9zhi ye fa zhan yu jiu ye zhi dao@f罗冬梅主编
210    @a长沙@c中南大学出版社@d2014.07
215    @a155页@d23cm
330    @a本教材共分为七个模块,主要内容包括:打好礼仪基础、成功的个人礼仪、做好就业准备、运用求职策略、积极应对面试等。
333    @a毕业大学生
606 0  @a大学生@x职业选择@j教材
606 0  @a大学生
606 0  @a职业选择
690    @aG717.38@v5
701  0 @a罗冬梅@9luo dong mei@4主编
801  0 @aCN@b人天书店@c20140915
905    @b879550-55@dG717.38@e34@f6
    
    职业发展与就业指导/罗冬梅主编.-长沙:中南大学出版社,2014.07
    155页;23cm
    使用对象:毕业大学生
    
    ISBN 978-7-5487-1130-8:CNY25.00
    本教材共分为七个模块,主要内容包括:打好礼仪基础、成功的个人礼仪、做好就业准备、运用求职策略、积极应对面试等。
●
相关链接 在E读中查询图书 在五车中查询图书 在当当中查询图书 在豆瓣中查询图书


正题名:职业发展与就业指导     索取号:G717.38/34         预约/预借

序号 登录号 条形码 馆藏地/架位号 状态 备注
1 879550   208795507   第一样本阅览室/ [索取号:G717.38/34] 在馆    
2 879551   208795516   教育系资料室/ [索取号:G717.38/34] 在馆    
3 879552   208795525   教育系资料室/ [索取号:G717.38/34] 在馆    
4 879553   208795534   教育系资料室/ [索取号:G717.38/34] 在馆    
5 879554   208795543   第四借阅区/ [索取号:G717.38/34] 在馆    
6 879555   208795552   第四借阅区/ [索取号:G717.38/34] 在馆    
唐山师范学院图书馆 欢迎您!
大连网信软件有限公司© 版权所有